| 000 | 00966cab a22002535a 4500 | ||
|---|---|---|---|
| 001 | L153260 | ||
| 008 | 110704e20110624xxk 000 0 eng d | ||
| 035 | _a(Sirsi) u153260 | ||
| 041 | 0 | _aeng | |
| 100 | 1 | _aWithers, Iain | |
| 245 | 0 | 0 |
_aCareers _bupgrade your toolkit |
| 260 | _c2011 | ||
| 490 |
_aBuilding _v276(8684) 24 June 2011, 61-65(3) |
||
| 520 | _aConstruction professionals must keep up with the rapid technological, regulatory and social changes sweeping across the industry. Building information modelling or BIM, sustainable construction, constructing for the digital generation. | ||
| 590 | _aKA | ||
| 650 | 2 | 4 | _aBUILDING INFORMATION MODELLING |
| 650 | 2 | 4 |
_aBIM _96219 |
| 651 | 4 |
_aUnited Kingdom _y |
|
| 690 | _aCAREERS, EDUCATION AND TRAINING-CAREERS IN SURVEYING-CAREERS IN CONSTRUCTION | ||
| 690 | _aMANAGEMENT-BUSINESS MANAGEMENT-FINANCIAL MANAGEMENT | ||
| 690 |
_aConstruction management _96230 |
||
| 690 |
_aBIM _96219 |
||
| 942 | _n0 | ||
| 999 |
_c83242 _d83242 |
||